000 00801nam a22001937a 4500
003 OSt
005 20251107131934.0
008 251107b |||||||| |||| 00| 0 eng d
040 _c0
082 _aDPer 372.83044 SoI31 September 2022-April 2023 v. 35 n. 1-4
100 _aPitts, Brianne.
_eauthor.
_969299
245 _aCommitted to teaching black history :
_bchildren's books that champion black historical consciousness /
_cBrianne Pitts and Dawnavyn James.
260 _aNCSS Publication ;
_cJanuary-February 2023.
300 _aVolume 35, pages 13-19 :
_billustration ;
_c28 cm.
500 _aSocial Studies and the Young Learner, vol. 35, no. 3, pages 13-19, January/February 2023.
700 _aPitts, Brianne.
_eauthor.
_969299
710 _aJames, Dawnavyn.
_eauthor.
_969300
942 _2ddc
_cPER
999 _c24172
_d24172